Crown budding: A method to avoid abnormal leaf fall disease of rubber (Record no. 56575)

MARC details
000 -LEADER
fixed length control field 00399nam a2200133Ia 4500
100 ## - MAIN ENTRY--AUTHOR NAME
Personal name Pillay P N R
245 #0 - TITLE STATEMENT
Title Crown budding: A method to avoid abnormal leaf fall disease of rubber
260 ## - PUBLICATION, DISTRIBUTION, ETC. (IMPRINT)
Name of publisher International Rubber Conference India, 1980
Year of publication 1980
700 ## - ADDED ENTRY--PERSONAL NAME
Personal name George M K
700 ## - ADDED ENTRY--PERSONAL NAME
Personal name Krishnankutty V
700 ## - ADDED ENTRY--PERSONAL NAME
Personal name Rajalakshmy V K
942 ## - ADDED ENTRY ELEMENTS (KOHA)
Koha item type Journals
Holdings
Withdrawn status Lost status Damaged status Not for loan Home library Current library Shelving location Date acquired Koha item type
      Journals RRII Library RRII Library Pathology 17/12/2021 Journals